1680 1384 1815 1054 1792 1828 1042 1327 1774 1296 1619 1910 1482 1423 1699 1508 1022 1863 1653 1306 1945 1155 1713 1107 1843 1805 1179 1538 1503 1825 1537 1579 1225 1396 1359 1322 1836 1290 1962 1035 1801 1265 1556 1642 1765 1260 1800 1862 1281 1903 1961 1943 1704 1345 1630 1469 1222 1410 1538 1837 1519 1605 1936 1343 1724 1857 1471 1480 1032 1841 1206 1093 1043 1206 1555 1884 1138 1392 1955 1291 1982 1363 1949 1628 1669 1644 1778 1303 1240 1403 1551 1870 1776 1764 1998 1409 1203 1431 1615 BCNSPRNW ULIB Ver.6.0+V

เปลี่ยนเป็นภาษาไทย

Change to English
 แสดงรายละเอียดบรรณานุกรม
  กลับหน้าหลัก

Brief Record : Get Marc (ISO 2709) : E-mail record : QR code < ปิดหน้าต่าง
LEADER : 00000nam 2200000uu 4500
001    13399110973
003     ULIB
008    110614s||||||||th 000 0 tha d
020    9789740641490
050 04 AC158^bด961ว 2551
100 1  กีซอง,โด
245 10 วิทยาศาสตร์ฉลาดรู้ เรื่อง หุ่นยนต์ /^cโดกีซอง, เขียน ;สถิตชลาลัย, แปล
250    พิมพ์ครั้งที่ 3
260    กรุงเทพฯ :^bอัมรินทร์คอมมิกส์,^c2551
300    199 หน้า :^bภาพประกอบ ;^c21 ซม.
440  0 ชุดวิทยาศาสตร์ฉลาดรู้ ;^vลำดับที่ 10
650  7 การ์ตูน
650  7 หุ่นยนต์^xวรรณกรรมสำหรับเด็ก
650  7 วรรณกรรมเกาหลี
650  7 วรรณกรรมสำหรับเด็ก
700 0  สถิตชลาลัย,^eผู้แปล
945    ^p199^l0^i024194
945    ^p199^l0^i024195
995    ทศพร
999 ^a ใช้งานได้ทุกระบบ
รายการนี้ยังไม่มีแท็ก
คุณยังไม่ได้ล็อกอิน คุณสามารถมีกิจกรรมร่วมกับเว็บไซต์ได้ แต่ต้องล็อกอินก่อน ::
  ล็อกอิน

รายการสื่อสารสนเทศ

ลำดับที่ ประเภท เลขเรียก/บาร์โค้ด สถานที่ สถานะ
- ไม่พบข้อมูล -

รายการใกล้เคียง
    ผู้แต่ง [กีซอง,โด]

    หัวเรื่อง [การ์ตูน]
    หัวเรื่อง [วรรณกรรมเกาหลี]
    หัวเรื่อง [วรรณกรรมสำหรับเด็ก]

BibComment


ยังไม่เคยถูกคอมเมนท์

คอมเมนท์ทรัพยากรรายการนี้
  คอมเมนท์: วิทยาศาสตร์ฉลาดรู..


 Copyright 2026. Bcnsprnw @Library